00687 2200229 4500001002100000005001700021008004100038035002400079082001100103090002100114100002700135245013500162250001100297260003100308300002400339650001900363700002500382850001200407980001700419985000600436999001500442YOGYA-0209000006956220090227093237.0 ind  0010-020900000069562 a899.21 a899.21bAli PlT aALISYAHBANA, S. Takdir aPerempuan di persimpangan zamanbkumpulan sajakcS. Takdir Alisyahbana ; diterjemahkan ke bahasa Inggris oleh, Marie Virginia Mohr aCet. 1 aJakartabDian Rakyatc1980 a40 hlmbilusc23 cm aKumpulan sajak aMohr. Marie Virginia aYOPDYOG a08-2-04-2008 a1 aP000014019